[Event "POTENTIALLY IMMORTAL GAMES"]
[Site "SchemingMind.com"]
[Date "2020.05.10"]
[Round "-"]
[White "AussieMossie"]
[Black "GBEDARD"]
[Result "1-0"]
[WhiteCountry "AUS"]
[BlackCountry "USA"]
[WhiteElo "2512"]
[WhiteRD "75"]
[BlackElo "1553"]
[BlackRD "83"]
[GameID "454676"]

1. e4 g6 2. d4 Bg7 3. Nf3 Nf6 4. e5 Nd5 5. c4 Nb4 6. Be2 O-O 7. Nc3 d6 8. exd6 cxd6 9. O-O N4c6 10. h3 e5
11. Bg5 Qb6 12. Nd5 Qxb2 13. Rb1 Qxa2 14. Bd3 f5 15. Ra1 Qb2 16. Ra4 f4 17. Re1 Nxd4 18. Nxd4 Qxd4 19. Ne7+ Kh8 20. c5 Bg4
21. hxg4 Qxc5 22. Nxg6+
1-0

[Event "POTENTIALLY IMMORTAL GAMES"]
[Site "SchemingMind.com"]
[Date "2020.05.06"]
[Round "-"]
[White "private napoleon"]
[Black "AussieMossie"]
[Result "0-1"]
[WhiteCountry "ENG"]
[BlackCountry "AUS"]
[WhiteElo "1838"]
[WhiteRD "82"]
[BlackElo "2503"]
[BlackRD "71"]
[GameID "454677"]

1. e4 e5 2. Nc3 Nf6 3. f4 d5 4. fxe5 Nxe4 5. Nf3 Be7 6. d3 Nxc3 7. bxc3 O-O 8. d4 c5 9. Bd3 Nc6 10. h4 c4
11. Be2 h6 12. Be3 Bf5 13. Qd2 b5 14. Bxh6 gxh6 15. Qxh6 Rb8 16. g4 Bxc2 17. Kd2 Be4
0-1

[Event "POTENTIALLY IMMORTAL GAMES"]
[Site "SchemingMind.com"]
[Date "2020.05.06"]
[Round "-"]
[White "AussieMossie"]
[Black "private napoleon"]
[Result "1-0"]
[WhiteCountry "AUS"]
[BlackCountry "ENG"]
[WhiteElo "2512"]
[WhiteRD "75"]
[BlackElo "1824"]
[BlackRD "84"]
[GameID "454678"]

1. e4 c5 2. Nf3 d6 3. d4 cxd4 4. Nxd4 Nf6 5. Nc3 a6 6. Be3 e5 7. Nb3 Be6 8. Be2 Be7 9. O-O O-O 10. Qd3 b5
11. Nd5 Bxd5 12. exd5 Nbd7 13. a4 b4 14. Rfc1 Nc5 15. Nxc5 dxc5 16. Bf3 Qd6 17. c3 bxc3 18. Rxc3 Rfc8 19. Rac1 Rc7 20. Bxc5 Rxc5
21. Rxc5 Qxc5 22. Rxc5 Bxc5 23. d6 Rb8 24. Qxa6 g6 25. g4 g5 26. Qc6 Bd4 27. Qc7 Rxb2 28. Bd5 Nxd5 29. Qd8+ Kg7 30. Qxg5+ Kf8
31. d7 Bxf2+ 32. Kh1 Bb6 33. d8=Q+
1-0

[Event "POTENTIALLY IMMORTAL GAMES"]
[Site "SchemingMind.com"]
[Date "2020.05.06"]
[Round "-"]
[White "AussieMossie"]
[Black "kenneth m day"]
[Result "1-0"]
[WhiteCountry "AUS"]
[BlackCountry "USA"]
[WhiteElo "2534"]
[WhiteRD "73"]
[BlackElo "1758"]
[BlackRD "52"]
[GameID "454679"]

1. Nf3 Nf6 2. d4 d5 3. c4 c6 4. e3 Bf5 5. Nc3 e6 6. Nh4 Bg4 7. Qb3 Qc7 8. h3 Bh5 9. Bd2 Nbd7 10. cxd5 exd5
11. g4 Bg6 12. Nxg6 hxg6 13. g5 Ne4 14. Nxe4 dxe4 15. h4 Be7 16. O-O-O Bxg5 17. Bc4 Nb6 18. hxg5 Rh5 19. Ba5 Qe7 20. Bxb6 axb6
21. Qxb6 f6 22. Rxh5 gxh5 23. gxf6 gxf6 24. Rg1
1-0

[Event "POTENTIALLY IMMORTAL GAMES"]
[Site "SchemingMind.com"]
[Date "2020.05.06"]
[Round "-"]
[White "kenneth m day"]
[Black "AussieMossie"]
[Result "0-1"]
[WhiteCountry "USA"]
[BlackCountry "AUS"]
[WhiteElo "1771"]
[WhiteRD "48"]
[BlackElo "2516"]
[BlackRD "73"]
[GameID "454680"]

1. e4 c5 2. d4 cxd4 3. c3 dxc3 4. Nxc3 d6 5. Nf3 Nc6 6. Bc4 e6 7. O-O Nf6 8. Qe2 h6 9. Rd1 Bd7 10. h3 Be7
11. Be3 a6 12. Rac1 b5 13. Bd3 O-O 14. Qd2 Re8 15. a3 Na5 16. Qc2 Rc8 17. b4 Nc4 18. Bxc4 Rxc4 19. Qd3 Qb8 20. e5 dxe5
21. Nd2 Rc7 22. Nde4 Nxe4 23. Nxe4 Bc6 24. f3 Bxe4 25. Qxe4 f5 26. Qxe5 Rxc1 27. Qxe6+ Kh8 28. Rxc1 Bg5 29. Qxe8+ Qxe8 30. Bxg5 hxg5
0-1

[Event "POTENTIALLY IMMORTAL GAMES"]
[Site "SchemingMind.com"]
[Date "2020.05.12"]
[Round "-"]
[White "Steven DuCharme"]
[Black "Sadalmelik"]
[Result "1-0"]
[WhiteCountry "USA"]
[BlackCountry "ITA"]
[WhiteElo "1605"]
[WhiteRD "72"]
[BlackElo "1504"]
[BlackRD "100"]
[GameID "454735"]

1. c4 e6 2. g3 Nf6 3. Bg2 Be7 4. Nf3 O-O 5. O-O Nc6 6. d4 d6 7. b3 Rb8 8. Bb2 d5 9. Nbd2 b6 10. Rc1 Bb7
11. cxd5 Nxd5 12. e4 Nf6 13. Re1 Nb4 14. Ne5 a5 15. a3 Nc6 16. Nxc6 Bxc6 17. Rxc6 Qd7 18. e5 Nd5 19. Bxd5 exd5 20. Qc2 Rbc8
21. e6 fxe6 22. Rcxe6 Rfe8 23. Qc6 Qxc6 24. Rxc6 Bd6 25. Rxe8+ Rxe8 26. Kf1 h5 27. Nf3 Kh7 28. h4 Kg6 29. Ne5+ Kf6 30. f4 Ke6
31. Kf2 Rf8 32. Ke3 Rf6 33. b4 axb4 34. axb4 Ke7= 35. b5 g6 36. Nf3 Kd7 37. Ba3 Re6+ 38. Ne5+ Ke7 39. Bxd6+ cxd6 40. Rxb6 dxe5
41. Rb7+ Kd8 42. fxe5 Kc8 43. Rg7 Kd8 44. Kf4 Ke8 45. Kg5 Kf8 46. Rxg6 Rxg6+ 47. Kxg6
1-0

[Event "POTENTIALLY IMMORTAL GAMES"]
[Site "SchemingMind.com"]
[Date "2020.05.08"]
[Round "-"]
[White "Sadalmelik"]
[Black "Steven DuCharme"]
[Result "1/2-1/2"]
[WhiteCountry "ITA"]
[BlackCountry "USA"]
[WhiteElo "1504"]
[WhiteRD "100"]
[BlackElo "1605"]
[BlackRD "72"]
[GameID "454736"]

1. Nf3 Nf6 2. g3 b6 3. Bg2 Bb7 4. O-O e6 5. c4 Be7 6. Nc3 O-O 7. d4 d6 8. Re1 Nbd7 9. e4 h6 10. b3 a6
11. d5 e5 12. Bb2 g6 13. Qd2 Kg7 14. Bc1 Rh8 15. a4 c6 16. Bb2 c5 17. Na2 Qg8 18. b4 g5 19. bxc5 Nxc5 20. Qc2 Qe8
21. Nc3 Nfd7 22. Ba3 h5 23. Bc1 h4 24. g4 f6 25. h3 a5 26. Nb5 Rc8 27. Nd2 Ba6 28. Na7 Rc7 29. Nc6 Kf7 30. Nxe7 Qxe7
31. Nb3 Nxb3 32. Qxb3 Bxc4 33. Qb2 Rhc8 34. Be3 Rb8 35. f3 Nc5 36. Qb1 Rcb7 37. Qc2 Bb3 38. Qd2 Bxa4 39. Bf1 Nb3 40. Qa2 Nxa1
41. Qxa4 Qd7 42. Qxa1 a4 43. Re2 b5 44. Rb2 b4 45. Ba6 Rc7 46. Kf2 Rc3 47. Bd2 Qa7+ 48. Kg2 Qd4 49. Bxc3 bxc3 50. Rxb8 Qd2+
51. Kg1 Qe3+ 52. Kg2 Qd2+ 53. Kg1 Qe3+ 54. Kg2 Qd2+ 55. Kg1 Qe3+
1/2-1/2

[Event "POTENTIALLY IMMORTAL GAMES"]
[Site "SchemingMind.com"]
[Date "2020.05.12"]
[Round "-"]
[White "grabapawn"]
[Black "Sadalmelik"]
[Result "1-0"]
[WhiteCountry "USA"]
[BlackCountry "ITA"]
[WhiteElo "1517"]
[WhiteRD "69"]
[BlackElo "1504"]
[BlackRD "100"]
[GameID "454737"]

1. d4 e6 2. Bf4 Nf6 3. Nf3 Be7 4. e3 O-O 5. c3 c5 6. Bd3 Nc6 7. Nbd2 d5 8. Qc2 a6 9. Ng5 g6 10. h4 Nh5
11. f3 Nxf4 12. exf4 b5 13. h5 f5 14. hxg6 hxg6 15. O-O-O c4 16. Be2 Bxg5 17. fxg5 Qxg5 18. g4 Rf7 19. Rdf1 Qf6 20. f4 Rh7
21. Nf3 Raa7 22. Ng5 Rxh1 23. Rxh1 Rg7 24. Bf3 Bd7 25. Qh2 Kf8 26. Nh7+ Rxh7 27. Qxh7 Qg7 28. Qh8+ Qxh8 29. Rxh8+ Kg7 30. Ra8 a5
31. Ra6 b4 32. g5 Kf7 33. cxb4 axb4 34. Rb6 b3 35. axb3 cxb3 36. Rxb3 Nxd4 37. Rd3 Nxf3 38. Rxf3 Bb5 39. Rb3 Bc4 40. Rb7+ Kf8
41. b3 Bf1 42. Kd2 Ba6 43. Ra7 Bf1 44. Ke3 Bb5 45. Kd4 Bf1 46. Ke5
1-0

[Event "POTENTIALLY IMMORTAL GAMES"]
[Site "SchemingMind.com"]
[Date "2020.05.12"]
[Round "-"]
[White "Sadalmelik"]
[Black "grabapawn"]
[Result "0-1"]
[WhiteCountry "ITA"]
[BlackCountry "USA"]
[WhiteElo "1560"]
[WhiteRD "133"]
[BlackElo "1530"]
[BlackRD "65"]
[GameID "454738"]

1. b4 d6 2. Bb2 Nf6 3. Nf3 Nbd7 4. g3 e5 5. Bg2 Be7 6. O-O c6 7. c4 Qc7 8. e3 Nf8 9. d4 e4 10. Nfd2 d5
11. c5 Ng6 12. Nc3 Ng4 13. h3 h5 14. hxg4 Bxg4 15. Qe1 h4 16. b5 hxg3 17. fxg3 Nh4 18. gxh4 Rxh4 19. Kf2 Rh2 20. Rg1 Bh4+
21. Kf1 Bxe1 22. Kxe1 Qg3+ 23. Kf1 Qxe3 24. Nb3 Qd3+ 25. Ke1 Qg3+ 26. Kf1 e3
0-1

[Event "POTENTIALLY IMMORTAL GAMES"]
[Site "SchemingMind.com"]
[Date "2020.05.12"]
[Round "-"]
[White "GBEDARD"]
[Black "Sadalmelik"]
[Result "0-1"]
[WhiteCountry "USA"]
[BlackCountry "ITA"]
[WhiteElo "1553"]
[WhiteRD "83"]
[BlackElo "1575"]
[BlackRD "108"]
[GameID "454741"]

1. e4 e6 2. d4 d5 3. Nc3 c5 4. exd5 a6 5. Bc4 b5 6. dxe6 bxc4 7. exf7+ Kxf7 8. Qf3+ Nf6 9. Qxa8 Qe7+ 10. Nge2 Nfd7
0-1

[Event "POTENTIALLY IMMORTAL GAMES"]
[Site "SchemingMind.com"]
[Date "2020.05.12"]
[Round "-"]
[White "private napoleon"]
[Black "Sadalmelik"]
[Result "1-0"]
[WhiteCountry "ENG"]
[BlackCountry "ITA"]
[WhiteElo "1834"]
[WhiteRD "92"]
[BlackElo "1504"]
[BlackRD "100"]
[GameID "454743"]

1. e4 c5 2. Nf3 Nc6 3. d4 cxd4 4. Nxd4 e6 5. Nc3 Nf6 6. Bc4 Be7 7. O-O O-O 8. Bb3 d5 9. exd5 Nxd5 10. Nxd5 exd5
11. Be3 Nxd4 12. Bxd4 b6 13. c3 Be6 14. Qd3 g6 15. Rae1 Bc5 16. f4 Bf5 17. Qd2 Qd7 18. Bxc5 bxc5 19. Qxd5 Qc7 20. Re3 Rad8
21. Qf3 Qb6 22. Kh1 Kg7 23. Rfe1 Rd2 24. R3e2 Rxe2 25. Qxe2 Qc6 26. Qe3 Bc8 27. Bc2 Bb7 28. Be4 Qb6 29. f5 Qxb2 30. f6+ Kxf6
31. Bxb7 Qxb7 32. Qe5#
1-0

[Event "POTENTIALLY IMMORTAL GAMES"]
[Site "SchemingMind.com"]
[Date "2020.05.12"]
[Round "-"]
[White "Sadalmelik"]
[Black "private napoleon"]
[Result "0-1"]
[WhiteCountry "ITA"]
[BlackCountry "ENG"]
[WhiteElo "1562"]
[WhiteRD "110"]
[BlackElo "1827"]
[BlackRD "88"]
[GameID "454744"]

1. Nf3 g6 2. c4 Bg7 3. Nc3 d6 4. e3 Nf6 5. d4 O-O 6. Be2 Nbd7 7. O-O a5 8. a4 c5 9. Nb5 b6 10. d5 Ba6
11. Ra3 Bxb5 12. axb5 Ng4 13. h3 Nge5 14. b3 Nxf3+ 15. Bxf3 f5 16. e4 Ne5 17. Be2 fxe4 18. f3 exf3 19. Bxf3 Qd7 20. Be2 Rxf1+
21. Bxf1 Rf8 22. Be2 Qf5 23. Ra2 Qf2+ 24. Kh1 Nd3 25. Ba3 Ne1
0-1

[Event "POTENTIALLY IMMORTAL GAMES"]
[Site "SchemingMind.com"]
[Date "2020.05.12"]
[Round "-"]
[White "AussieMossie"]
[Black "Sadalmelik"]
[Result "1-0"]
[WhiteCountry "AUS"]
[BlackCountry "ITA"]
[WhiteElo "2503"]
[WhiteRD "71"]
[BlackElo "1560"]
[BlackRD "133"]
[GameID "454745"]

1. e4 e6 2. d4 d5 3. Nd2 c5 4. exd5 exd5 5. Ngf3 cxd4 6. Bd3 Nc6 7. O-O h6 8. Re1+ Be6 9. Nb3 Nf6 10. Nfxd4 Nxd4
11. Nxd4 Be7 12. Rxe6 fxe6 13. Nxe6 Qb6 14. Bg6+ Kd7 15. Bf5 Kd6 16. c4 Rhc8 17. Bf4+ Kc6 18. Qa4+ Qb5 19. Qxb5#
1-0

[Event "POTENTIALLY IMMORTAL GAMES"]
[Site "SchemingMind.com"]
[Date "2020.05.12"]
[Round "-"]
[White "Sadalmelik"]
[Black "AussieMossie"]
[Result "0-1"]
[WhiteCountry "ITA"]
[BlackCountry "AUS"]
[WhiteElo "1575"]
[WhiteRD "108"]
[BlackElo "2512"]
[BlackRD "75"]
[GameID "454746"]

1. Nf3 d5 2. c4 d4 3. b3 c5 4. d3 Nc6 5. g3 e5 6. Bg2 Bg4 7. O-O Qd7 8. Nbd2 f6 9. Re1 Nh6 10. Nh4 Nf7
11. Ne4 Be7 12. Bd2 g5 13. Nf3 h6 14. a3 f5 15. Nxc5 Bxc5 16. b4 Bd6 17. c5 Bc7 18. Qb3 f4 19. Bc1 O-O 20. Bb2 Be6
21. Qc2 a6 22. Nd2 g4 23. f3 fxg3 24. hxg3 Ng5 25. fxg4 e4 26. Nxe4 Nxe4 27. dxe4 Bxg3 28. Rf1 Qe7 29. Qd3 Qh4 30. Rf3 Bf2+
31. Kf1 Be3 32. Bc1 Rxf3+ 33. exf3 Qf2#
0-1

[Event "POTENTIALLY IMMORTAL GAMES"]
[Site "SchemingMind.com"]
[Date "2020.05.08"]
[Round "-"]
[White "kenneth m day"]
[Black "Sadalmelik"]
[Result "1-0"]
[WhiteCountry "USA"]
[BlackCountry "ITA"]
[WhiteElo "1708"]
[WhiteRD "49"]
[BlackElo "1575"]
[BlackRD "108"]
[GameID "454747"]

1. e4 Nf6 2. e5 Nd5 3. d4 e6 4. Nf3 c5 5. c4 Nc7 6. Be3 cxd4 7. Bxd4 d5 8. Nc3 Nd7 9. Be2 b6 10. O-O Bb7
11. Rc1 Be7 12. cxd5 Nxd5 13. Re1 O-O 14. a3 f6 15. exf6 N5xf6 16. Bc4 Nd5 17. Rxe6 Nc5 18. Bxc5 bxc5 19. Nxd5 Bxd5 20. Bxd5 Kh8
21. Bxa8 Bf6 22. Qxd8 Rxd8 23. Rce1 h6 24. Re8+ Rxe8 25. Rxe8+ Kh7 26. Be4+ g6 27. Nd2 Bxb2 28. Re7+ Bg7 29. Rxa7 h5 30. Nc4 Kh6
31. Rxg7 Kxg7 32. a4 Kf8 33. a5
1-0

[Event "POTENTIALLY IMMORTAL GAMES"]
[Site "SchemingMind.com"]
[Date "2020.05.12"]
[Round "-"]
[White "Sadalmelik"]
[Black "kenneth m day"]
[Result "0-1"]
[WhiteCountry "ITA"]
[BlackCountry "USA"]
[WhiteElo "1575"]
[WhiteRD "108"]
[BlackElo "1708"]
[BlackRD "49"]
[GameID "454748"]

1. b4 Nf6 2. Bb2 e6 3. b5 c6 4. e3 cxb5 5. Bxb5 Nc6 6. Nf3 a6 7. Be2 d5 8. O-O Be7 9. d4 O-O 10. c4 b6
11. Nbd2 Bb7 12. cxd5 Nxd5 13. a3 Rc8 14. Nc4 b5 15. Nce5 f6 16. Nxc6 Rxc6 17. a4 b4 18. h3 Qc7 19. Bd3 Bd6 20. Qb3 Re8
21. Rac1 Rc8 22. Rxc6 Qxc6 23. Nd2 f5 24. Nc4 Nc3 25. Nxd6 Qxg2#
0-1

[Event "POTENTIALLY IMMORTAL GAMES"]
[Site "SchemingMind.com"]
[Date "2020.05.08"]
[Round "-"]
[White "Steven DuCharme"]
[Black "Nigel John Sheridan"]
[Result "0-1"]
[WhiteCountry "USA"]
[BlackCountry "SCO"]
[WhiteElo "1599"]
[WhiteRD "55"]
[BlackElo "1970"]
[BlackRD "81"]
[GameID "454753"]

1. Nf3 d5 2. e3 Nf6 3. c4 e6 4. Be2 c5 5. O-O Bd6 6. d4 O-O 7. Nc3 dxc4 8. Bxc4 Nc6 9. a3 cxd4 10. exd4 h6
11. b4 a6 12. Bb2 b5 13. Bb3 Ne7 14. Re1 Bb7 15. Ne5 Nf5 16. Ng4 Bc7 17. Nxf6+ Qxf6 18. Ne4 Qh4 19. g3 Qh3 20. Qf3 Bb6
21. Qg2 Qxg2+ 22. Kxg2 Nxd4 23. Bxd4 Bxd4 24. Ra2 f5 25. Bxe6+ Kh7 26. f3 fxe4 27. fxe4 Rae8
0-1

[Event "POTENTIALLY IMMORTAL GAMES"]
[Site "SchemingMind.com"]
[Date "2020.05.08"]
[Round "-"]
[White "Nigel John Sheridan"]
[Black "Steven DuCharme"]
[Result "1-0"]
[WhiteCountry "SCO"]
[BlackCountry "USA"]
[WhiteElo "1914"]
[WhiteRD "88"]
[BlackElo "1569"]
[BlackRD "54"]
[GameID "454754"]

1. e4 c6 2. Nf3 d6 3. d4 Nf6 4. Nc3 g6 5. Be2 Bg7 6. O-O O-O 7. e5 dxe5 8. dxe5 Qxd1 9. Rxd1 Ng4 10. h3 Nxe5
11. Nd4 Rd8 12. Bg5 f6 13. Bh4 Kh8 14. f4 Nf7 15. a4 c5 16. Nb3 b6 17. Bf3
1-0

[Event "POTENTIALLY IMMORTAL GAMES"]
[Site "SchemingMind.com"]
[Date "2020.05.08"]
[Round "-"]
[White "grabapawn"]
[Black "Nigel John Sheridan"]
[Result "0-1"]
[WhiteCountry "USA"]
[BlackCountry "SCO"]
[WhiteElo "1490"]
[WhiteRD "61"]
[BlackElo "1970"]
[BlackRD "81"]
[GameID "454755"]

1. d4 d5 2. Bf4 Nf6 3. e3 Bg4 4. f3 Bf5 5. g4 Bg6 6. h4 h5 7. g5 Nfd7 8. Bd3 Bxd3 9. Qxd3 c5 10. c3 e6
11. Nd2 Nc6 12. e4 cxd4 13. exd5 Nc5 14. Qe2 Qxd5 15. Ne4 O-O-O 16. c4 Qf5 17. Bg3 d3 18. Qd2 Nxe4 19. fxe4 Qxe4+ 20. Kf1 Qxh1
21. a3 Bd6 22. Bxd6 Rxd6 23. Qf4 Rd4 24. Qxf7 Rg4 25. Qxe6+ Kc7 26. Qf7+ Kb8 27. Qf2 Rxg1+ 28. Qxg1 Rf8+
0-1

[Event "POTENTIALLY IMMORTAL GAMES"]
[Site "SchemingMind.com"]
[Date "2020.05.08"]
[Round "-"]
[White "Nigel John Sheridan"]
[Black "grabapawn"]
[Result "1-0"]
[WhiteCountry "SCO"]
[BlackCountry "USA"]
[WhiteElo "1914"]
[WhiteRD "88"]
[BlackElo "1516"]
[BlackRD "57"]
[GameID "454756"]

1. e4 d6 2. Nf3 Nf6 3. d3 Nbd7 4. Nc3 e5 5. d4 c6 6. Be2 Be7 7. O-O Qc7 8. a4 Nf8 9. Bg5 h6 10. Bxf6 gxf6
11. Bc4 Ng6 12. d5 Rg8 13. g3 Nf4 14. Kh1 Nh3 15. Qd2 f5 16. Qxh6 Ng5 17. Nxg5 Bxg5 18. Qh7 Rf8 19. exf5 c5 20. f4 Bf6
21. Qh6 Qe7 22. Ne4 Rh8 23. Bb5+ Bd7 24. Nxf6+
1-0

[Event "POTENTIALLY IMMORTAL GAMES"]
[Site "SchemingMind.com"]
[Date "2020.05.08"]
[Round "-"]
[White "mmccaffe"]
[Black "Nigel John Sheridan"]
[Result "0-1"]
[WhiteCountry "USA"]
[BlackCountry "SCO"]
[WhiteElo "1619"]
[WhiteRD "71"]
[BlackElo "1914"]
[BlackRD "88"]
[GameID "454757"]

1. e4 e5 2. Nf3 Nf6 3. Nxe5 d6 4. Nf3 Nxe4 5. d4 d5 6. Bd3 Bd6 7. O-O O-O 8. Nbd2 Bf5 9. Re1 Re8 10. Nxe4 dxe4
0-1

[Event "POTENTIALLY IMMORTAL GAMES"]
[Site "SchemingMind.com"]
[Date "2020.05.08"]
[Round "-"]
[White "Nigel John Sheridan"]
[Black "mmccaffe"]
[Result "1-0"]
[WhiteCountry "SCO"]
[BlackCountry "USA"]
[WhiteElo "1995"]
[WhiteRD "81"]
[BlackElo "1487"]
[BlackRD "71"]
[GameID "454758"]

1. e4 c5 2. Nf3 d6 3. d4 cxd4 4. Nxd4 Nf6 5. Bd3 a6 6. O-O e5 7. Nf3 Be7 8. Be3 O-O 9. c4 Nbd7 10. Nc3 Qc7
11. Qc2 b5 12. cxb5
1-0

[Event "POTENTIALLY IMMORTAL GAMES"]
[Site "SchemingMind.com"]
[Date "2020.05.11"]
[Round "-"]
[White "GBEDARD"]
[Black "Nigel John Sheridan"]
[Result "0-1"]
[WhiteCountry "USA"]
[BlackCountry "SCO"]
[WhiteElo "1607"]
[WhiteRD "84"]
[BlackElo "1995"]
[BlackRD "81"]
[GameID "454759"]

1. e4 e5 2. Nf3 Nf6 3. Nxe5 d6 4. Nf3 Nxe4 5. d4 Nc6 6. Bb5 a6 7. Ba4 Be7 8. O-O O-O 9. Nbd2 Be6 10. Nxe4 d5
11. Bxc6 bxc6 12. Nc5 Bxc5 13. dxc5 Bg4
0-1

[Event "POTENTIALLY IMMORTAL GAMES"]
[Site "SchemingMind.com"]
[Date "2020.05.10"]
[Round "-"]
[White "Nigel John Sheridan"]
[Black "GBEDARD"]
[Result "1-0"]
[WhiteCountry "SCO"]
[BlackCountry "USA"]
[WhiteElo "1995"]
[WhiteRD "81"]
[BlackElo "1607"]
[BlackRD "84"]
[GameID "454760"]

1. e4 g6 2. d4 Bg7 3. Nf3 d6 4. Bb5+ c6 5. Bd3 Bg4 6. O-O Bxf3 7. Qxf3 Bxd4 8. Nd2 Nd7 9. c3 Bg7 10. Qe2 Ngf6
11. Bc2 O-O 12. Nf3 Nc5 13. h3
1-0

[Event "POTENTIALLY IMMORTAL GAMES"]
[Site "SchemingMind.com"]
[Date "2020.05.08"]
[Round "-"]
[White "private napoleon"]
[Black "Nigel John Sheridan"]
[Result "0-1"]
[WhiteCountry "ENG"]
[BlackCountry "SCO"]
[WhiteElo "1844"]
[WhiteRD "83"]
[BlackElo "1970"]
[BlackRD "81"]
[GameID "454761"]

1. e4 e5 2. Nc3 Nc6 3. f4 exf4 4. Nf3 g5 5. Bc4 g4 6. O-O gxf3 7. Qxf3 Qg5 8. Nd5 Nd4 9. Qf2 Ne6 10. d4 c6
11. Nxf4 Qg7 12. Bxe6 dxe6 13. e5 Bd7 14. c4 O-O-O 15. d5 exd5 16. Qxa7 Qxe5 17. cxd5 Qb8 18. Qa5 Ne7 19. Be3 Bg7 20. Ba7 Qc7
21. Bb6 Bd4+
0-1

[Event "POTENTIALLY IMMORTAL GAMES"]
[Site "SchemingMind.com"]
[Date "2020.05.07"]
[Round "-"]
[White "Nigel John Sheridan"]
[Black "private napoleon"]
[Result "1-0"]
[WhiteCountry "SCO"]
[BlackCountry "ENG"]
[WhiteElo "1970"]
[WhiteRD "81"]
[BlackElo "1844"]
[BlackRD "83"]
[GameID "454762"]

1. e4 c5 2. Nf3 d6 3. Bb5+ Nd7 4. O-O a6 5. Bd3 g6 6. c3 Bg7 7. Re1 Ngf6 8. Bc2 O-O 9. d4 b6 10. e5 dxe5
11. dxe5 Ne8 12. Bf4 e6 13. Nbd2 Bb7 14. Bg5 Qc7 15. Qe2 Nb8 16. h3 Nc6 17. Rad1 Bh8 18. Qc4 Nxe5 19. Nxe5 Bxe5 20. Qh4 Bg7
21. Be7 g5 22. Qxh7#
1-0

[Event "POTENTIALLY IMMORTAL GAMES"]
[Site "SchemingMind.com"]
[Date "2020.05.07"]
[Round "-"]
[White "AussieMossie"]
[Black "Nigel John Sheridan"]
[Result "1-0"]
[WhiteCountry "AUS"]
[BlackCountry "SCO"]
[WhiteElo "2534"]
[WhiteRD "73"]
[BlackElo "1914"]
[BlackRD "88"]
[GameID "454763"]

1. e4 e5 2. Nf3 Nc6 3. Bc4 Bc5 4. O-O Nf6 5. d3 O-O 6. c3 d6 7. b4 Bb6 8. Nbd2 Ne7 9. a4 a6 10. Re1 Ng6
11. h3 Nh5 12. d4 Nhf4 13. Bf1 exd4 14. cxd4 Re8 15. Nc4 Ba7 16. b5 axb5 17. axb5 Bd7 18. Ra5 b6 19. Ra3 f5 20. Bxf4 Nxf4
21. e5 Be6 22. Qd2 Ng6 23. d5 Bf7 24. e6 Bxe6 25. dxe6 d5 26. Ne3 Rxe6 27. Rea1 Nf4 28. Nxf5 Qf6 29. Qxf4 c6 30. bxc6 Rf8
31. Rxa7 Rxc6 32. Qg4
1-0

[Event "POTENTIALLY IMMORTAL GAMES"]
[Site "SchemingMind.com"]
[Date "2020.05.07"]
[Round "-"]
[White "Nigel John Sheridan"]
[Black "AussieMossie"]
[Result "0-1"]
[WhiteCountry "SCO"]
[BlackCountry "AUS"]
[WhiteElo "1914"]
[WhiteRD "88"]
[BlackElo "2534"]
[BlackRD "73"]
[GameID "454764"]

1. e4 c5 2. Nf3 Nc6 3. Nc3 e6 4. Bb5 Nd4 5. Be2 a6 6. O-O Ne7 7. d3 Nec6 8. Bf4 d6 9. Nxd4 cxd4 10. Nb1 e5
11. Bg3 g6 12. Nd2 Bh6 13. f4 O-O 14. a3 Bxf4 15. Bxf4 exf4 16. Rxf4 Be6 17. c4 b5 18. cxb5 Qg5 19. g3 Qxb5 20. Rb1 Ne5
21. Nf3 Rac8 22. Qd2 Nxf3+ 23. Bxf3 g5 24. Rf6 Kg7 25. e5 Qxe5 26. Rh6 Kxh6 27. h4 Qxg3+
0-1

[Event "POTENTIALLY IMMORTAL GAMES"]
[Site "SchemingMind.com"]
[Date "2020.05.07"]
[Round "-"]
[White "kenneth m day"]
[Black "Nigel John Sheridan"]
[Result "0-1"]
[WhiteCountry "USA"]
[BlackCountry "SCO"]
[WhiteElo "1771"]
[WhiteRD "48"]
[BlackElo "1970"]
[BlackRD "81"]
[GameID "454765"]

1. e4 e5 2. Nf3 Nc6 3. c3 Nf6 4. d4 d5 5. Bb5 exd4 6. e5 Ne4 7. Nxd4 Bd7 8. Qb3 a6 9. Be2 Be6 10. O-O Be7
11. Be3 Nxe5 12. Nxe6 fxe6 13. Nd2 Nxd2 14. Bxd2 O-O 15. f4 Nc4 16. Qc2 Bc5+ 17. Kh1 Nxd2 18. Qxd2 Qd6 19. Rae1 Rae8 20. Bd3 e5
21. fxe5 Rxf1+ 22. Bxf1 Rxe5 23. Rxe5 Qxe5 24. g3 Qe4+ 25. Bg2 Qb1+
0-1

[Event "POTENTIALLY IMMORTAL GAMES"]
[Site "SchemingMind.com"]
[Date "2020.05.07"]
[Round "-"]
[White "Nigel John Sheridan"]
[Black "kenneth m day"]
[Result "1-0"]
[WhiteCountry "SCO"]
[BlackCountry "USA"]
[WhiteElo "1970"]
[WhiteRD "81"]
[BlackElo "1771"]
[BlackRD "48"]
[GameID "454766"]

1. e4 e5 2. Nf3 Nc6 3. Bb5 Nf6 4. O-O Nxe4 5. d3 Nd6 6. Bxc6 dxc6 7. Nxe5 Be7 8. Nc3 O-O 9. Bf4 Re8 10. Re1 Bf6
11. h3 Be6 12. a3 Nf5 13. Ne4 Bd5 14. Nxf6+ Qxf6 15. c4 Be6 16. Qc1 Qd8 17. Qd1 Qd4 18. Qd2 Rad8 19. Rad1 f6 20. Nf3 Qd7
21. Qa5 Nd6 22. b3 a6 23. Qh5 Bf7 24. Qa5 Qc8 25. Rxe8+ Rxe8 26. Re1 b6 27. Qc3 Rxe1+ 28. Qxe1 g5 29. Bxd6 cxd6 30. Qe7 Qf8
31. Qxf6 h6 32. Nd4 c5 33. Nf5 Be8 34. Ne7+
1-0

[Event "POTENTIALLY IMMORTAL GAMES"]
[Site "SchemingMind.com"]
[Date "2020.05.12"]
[Round "-"]
[White "Sadalmelik"]
[Black "Nigel John Sheridan"]
[Result "0-1"]
[WhiteCountry "ITA"]
[BlackCountry "SCO"]
[WhiteElo "1575"]
[WhiteRD "108"]
[BlackElo "2003"]
[BlackRD "85"]
[GameID "454767"]

1. b4 e5 2. Bb2 d6 3. c4 Nf6 4. g3 Be6 5. Bg2 Be7 6. Nf3 O-O 7. Qc2 c6 8. O-O a5 9. b5 cxb5 10. cxb5 Nbd7
11. a4 Rc8 12. Qd1 Nd5 13. e4 Nb4 14. Bc3 Nc5 15. Bxb4 axb4 16. d4 Nxe4 17. dxe5 dxe5 18. Nxe5 f5 19. Nf3 Bf6 20. Ra2 Bxa2
21. Qe2 Bc4
0-1

[Event "POTENTIALLY IMMORTAL GAMES"]
[Site "SchemingMind.com"]
[Date "2020.05.12"]
[Round "-"]
[White "Nigel John Sheridan"]
[Black "Sadalmelik"]
[Result "1-0"]
[WhiteCountry "SCO"]
[BlackCountry "ITA"]
[WhiteElo "2003"]
[WhiteRD "85"]
[BlackElo "1575"]
[BlackRD "108"]
[GameID "454768"]

1. e4 e6 2. d4 d5 3. exd5 Qxd5 4. Nf3 Nf6 5. Bd3 c5 6. O-O Nc6 7. Nc3 Qd8 8. Bb5 Bd7 9. Bf4 a6 10. Be2 Be7
11. dxc5 Bxc5 12. Qd2 O-O 13. Rad1 b5 14. Bg5 h6 15. Bxf6 gxf6 16. Qxh6 Ne5 17. Nxe5 fxe5 18. Rd3 f5 19. Qg6+ Kh8 20. Rh3+
1-0

[Event "POTENTIALLY IMMORTAL GAMES"]
[Site "SchemingMind.com"]
[Date "2020.05.14"]
[Round "-"]
[White "dvoretsky"]
[Black "Steven DuCharme"]
[Result "1-0"]
[WhiteCountry "ENG"]
[BlackCountry "USA"]
[WhiteElo "2501"]
[WhiteRD "97"]
[BlackElo "1599"]
[BlackRD "55"]
[GameID "454825"]

1. d4 d5 2. c4 dxc4 3. e4 e6 4. Bxc4 Bd7 5. Nf3 b5 6. Bd3 c5 7. a4 bxa4 8. d5 Nf6 9. Nc3 Be7 10. d6 Bxd6
11. e5 Nd5 12. exd6 Nxc3 13. bxc3 Qb6 14. Ne5 Qxd6 15. Nxf7 Kxf7 16. Bg6+ hxg6 17. Qxd6 Rc8 18. O-O Rc6 19. Qd3 a5 20. Rb1 Bc8
21. Qf3+
1-0